[Event "Int. Stuttgarter Stadtmeisterschaft B"]
[Site "Ditzingen"]
[Date "2016.05.08"]
[Round "7.47"]
[White "Hauger, Albrecht"]
[Black "Lin, Jean-Claude"]
[Result "1/2-1/2"]
[WhiteElo "1429"]
[BlackElo "1347"]
[PlyCount "39"]
[EventDate "2016.??.??"]
[WhiteTeam "SC Magstadt"]
[BlackTeam "SC Sillenbuch"]

1. d4 Nf6 2. c4 e6 3. Nc3 Bb4 4. Qc2 c5 5. Bd2 cxd4 6. Nb5 Bxd2+ 7. Qxd2 Qb6 8.
Qxd4 Qxd4 9. Nxd4 O-O 10. Ngf3 b6 11. e3 Nc6 12. Nxc6 dxc6 13. Rd1 Bb7 14. Be2
a6 15. O-O c5 16. Rd2 Ne4 17. Rd3 Rfd8 18. Rfd1 Rxd3 19. Bxd3 Bc6 20. Nd2
1/2-1/2

[Event "Int. Stuttgarter Stadtmeisterschaft B"]
[Site "Ditzingen"]
[Date "2016.05.08"]
[Round "7.48"]
[White "Schreiber, Stephan"]
[Black "Herbst, Karin"]
[Result "0-1"]
[WhiteElo "1730"]
[BlackElo "1601"]
[PlyCount "44"]
[EventDate "2016.??.??"]
[WhiteTeam "SC Botnang"]
[BlackTeam "SG Fasanenhof"]

1. d4 c6 2. Bf4 d5 3. e3 Bf5 4. c4 Nf6 5. Qb3 Qd7 6. Nf3 e6 7. Ne5 Qc8 8. c5
Be7 9. Be2 O-O 10. Nd2 Nbd7 11. h3 h6 12. Ndf3 Ne4 13. Nxd7 Qxd7 14. Ne5 Qc8
15. f3 Bh4+ 16. g3 Bxg3+ 17. Bxg3 Nxg3 18. Rh2 Qc7 19. f4 f6 20. Ng4 Ne4 21. h4
Qa5+ 22. Kf1 Nd2+ 0-1

[Event "Int. Stuttgarter Stadtmeisterschaft B"]
[Site "Ditzingen"]
[Date "2016.05.08"]
[Round "7.49"]
[White "Dendic, Amar"]
[Black "Steinhart, Matthias"]
[Result "0-1"]
[WhiteElo "1604"]
[BlackElo "1741"]
[PlyCount "76"]
[EventDate "2016.??.??"]
[WhiteTeam "Stuttgarter SF"]
[BlackTeam "SF Freiberg"]

1. e4 e5 2. Nf3 Nc6 3. Bc4 Nf6 4. d3 Bc5 5. c3 d5 6. Bb5 O-O 7. Nbd2 dxe4 8.
dxe4 Bg4 9. h3 Bxf3 10. Qxf3 Nb8 11. O-O c6 12. Ba4 Nbd7 13. Rd1 Qc7 14. b4 Be7
15. Nf1 a5 16. bxa5 Rxa5 17. Bc2 Rfa8 18. a4 Nc5 19. Ng3 Nxa4 20. Nf5 Nc5 21.
Rxa5 Rxa5 22. Qg3 Ne8 23. Bh6 Bf6 24. f4 Ne6 25. Qg4 exf4 26. Bb3 Qb6+ 27. Nd4
Nxd4 28. Bxf7+ Kxf7 29. Qd7+ Kf8 30. cxd4 gxh6 31. e5 Bxe5 32. Qf5+ Bf6 33.
Qxf4 Rg5 34. h4 Rg6 35. Rf1 Qd8 36. h5 Rg5 37. Qe4 Qd5 38. Qxh7 Qxg2# 0-1

[Event "Int. Stuttgarter Stadtmeisterschaft B"]
[Site "Ditzingen"]
[Date "2016.05.08"]
[Round "7.50"]
[White "Pibernik, Dario"]
[Black "Stegmiller, Dennis"]
[Result "0-1"]
[WhiteElo "1562"]
[BlackElo "1454"]
[PlyCount "61"]
[EventDate "2016.??.??"]
[WhiteTeam "SV Schorndorf"]
[BlackTeam "TSF Ditzingen"]

1. e4 d6 2. d4 g6 3. Nf3 Bg7 4. Bc4 Nf6 5. Qd3 O-O 6. Bg5 c6 7. Nbd2 Nbd7 8. e5
dxe5 9. dxe5 Ne8 10. Qe3 Nb6 11. Bb3 Nc7 12. O-O-O Be6 13. Bxe6 Nxe6 14. h4 Nd5
15. Qa3 h6 16. Be3 Qb8 17. Rde1 b6 18. g4 c5 19. Bxh6 Bxh6 20. g5 Bg7 21. h5
Ndf4 22. h6 Bh8 23. Ne4 Nh5 24. Rxh5 gxh5 25. Nf6+ exf6 26. gxf6 Bxf6 27. Qe3
Rd8 28. exf6 Qf4 29. Rg1+ Kh8 30. Qxf4 Nxf4 31. Rg7 0-1